[Event "IV Festival Internacional DUCHAMP in RIO Master - 7 a 14 dezembro - 15.000 USD"]
[Site "Hotel South American, Copacabana , Rio de Janeiro, RJ"]
[Date "2022.12.10"]
[Round "4"]
[Board "27"]
[White "Terao, Juliana Sayumi"]
[Black "Sandrim Juliao, Tais"]
[Result "1-0"]
[WhiteElo "2240"]
[BlackElo "1669"]
[PlyCount "77"]
[EventDate "2022.12.07"]
[EventRounds "9"]
[EventCountry "BRA"]

1. e4 e5 2. Nf3 Nc6 3. Bb5 d6 4. d4 exd4 5. Nxd4 Bd7 6. Nc3 Nf6 7. O-O Be7 8. Re1
O-O 9. Bf1 h6 10. b3 Re8 11. Bb2 a6 12. a4 Qc8 13. h3 Nh7 14. Nd5 Bf8 15. f4 Ne7
16. c4 Ng6 17. Qf3 Bc6 18. Rac1 Qd7 19. Bd3 Rad8 20. Nf5 Bxd5 21. cxd5 Ne7 22. Nxh6+
gxh6 23. Qg3+ Ng6 24. f5 Bg7 25. Bxg7 Kxg7 26. fxg6 fxg6 27. e5 g5 28. e6 Qe7 29.
Bxh7 Kxh7 30. Qd3+ Kg8 31. Qg6+ Qg7 32. Qxg7+ Kxg7 33. Rxc7+ Kf6 34. Rf7+ Kg6 35.
g4 Rf8 36. Rxb7 Rf6 37. Rd7 Re8 38. Kg2 h5 39. Rxd6  1-0

[Event "IV Festival Internacional DUCHAMP in RIO Master - 7 a 14 dezembro - 15.000 USD"]
[Site "Hotel South American, Copacabana , Rio de Janeiro, RJ"]
[Date "2022.12.10"]
[Round "4"]
[Board "28"]
[White "Lopes, Eduardo Moraes"]
[Black "Do Nascimento, Christian Almeida"]
[Result "0-1"]
[WhiteElo "1744"]
[BlackElo "2087"]
[PlyCount "46"]
[EventDate "2022.12.07"]
[EventRounds "9"]
[EventCountry "BRA"]

1. e4 e6 2. d4 d5 3. e5 c5 4. c3 Nc6 5. Nf3 Qb6 6. Bd3 Bd7 7. O-O Nh6 8. dxc5 Bxc5
9. Bxh6 gxh6 10. Qc2 O-O-O 11. b4 Be7 12. a4 Kb8 13. a5 Qc7 14. Re1 Rc8 15. Qb2 f6
16. Bb5 Nxe5 17. Nxe5 Bxb5 18. Na3 Be8 19. Nf3 Qxc3 20. Qxc3 Rxc3 21. Rxe6 Bxb4 22.
Rae1 Bd7 23. Nb1 Rcc8  0-1

[Event "IV Festival Internacional DUCHAMP in RIO Master - 7 a 14 dezembro - 15.000 USD"]
[Site "Hotel South American, Copacabana , Rio de Janeiro, RJ"]
[Date "2022.12.10"]
[Round "4"]
[Board "29"]
[White "Lima, Stefan Moisei Vieira"]
[Black "Campagnolo, Fabiola"]
[Result "1-0"]
[WhiteElo "2076"]
[BlackElo "1663"]
[PlyCount "61"]
[EventDate "2022.12.07"]
[EventRounds "9"]
[EventCountry "BRA"]

1. d4 d5 2. c4 c6 3. Nc3 Nf6 4. e3 e6 5. Nf3 Nbd7 6. Bd3 dxc4 7. Bxc4 b5 8. Bd3 a6
9. O-O Be7 10. e4 c5 11. e5 Nd5 12. Nxd5 exd5 13. dxc5 Nxc5 14. h3 Be6 15. Nd4 Qc7
16. f4 Nxd3 17. Qxd3 Qc4 18. Qd1 Bc5 19. Be3 Bxd4 20. Bxd4 Bf5 21. Rc1 Qd3 22. Qxd3
Bxd3 23. Rf3 Be4 24. Rfc3 O-O 25. Rc7 h5 26. g4 hxg4 27. hxg4 Bf3 28. g5 Bg4 29.
g6 Be6 30. R1c6 Rfe8 31. f5  1-0

[Event "IV Festival Internacional DUCHAMP in RIO Master - 7 a 14 dezembro - 15.000 USD"]
[Site "Hotel South American, Copacabana , Rio de Janeiro, RJ"]
[Date "2022.12.10"]
[Round "4"]
[Board "30"]
[White "Hirano, Enzo Erich Kreutz"]
[Black "Jordao Barbosa, Marcio"]
[Result "0-1"]
[WhiteElo "1691"]
[BlackElo "2054"]
[PlyCount "48"]
[EventDate "2022.12.07"]
[EventRounds "9"]
[EventCountry "BRA"]

1. e4 e6 2. d4 d5 3. Nd2 c5 4. exd5 Qxd5 5. dxc5 Qxc5 6. Ngf3 Nf6 7. Bd3 Nbd7 8.
O-O Bd6 9. Qe2 Qh5 10. h3 O-O 11. Nc4 Bc7 12. Re1 Nc5 13. Nce5 b6 14. b3 Bb7 15.
c4 Nxd3 16. Qxd3 Rad8 17. Qc2 Ne4 18. Bb2 f6 19. Ng4 Nc5 20. Nfh2 Qf5 21. Qxf5 exf5
22. Ne3 Nd3 23. Re2 Nxb2 24. Rxb2 Be5  0-1

[Event "IV Festival Internacional DUCHAMP in RIO Master - 7 a 14 dezembro - 15.000 USD"]
[Site "Hotel South American, Copacabana , Rio de Janeiro, RJ"]
[Date "2022.12.10"]
[Round "4"]
[Board "31"]
[White "Santos Filho, Tadeu Sousa"]
[Black "Brambilla, Renee Blandy T."]
[Result "1-0"]
[WhiteElo "2018"]
[BlackElo "1661"]
[PlyCount "37"]
[EventDate "2022.12.07"]
[EventRounds "9"]
[EventCountry "BRA"]

1. e4 c5 2. Nf3 Nc6 3. c3 Nf6 4. e5 Nd5 5. Bc4 Nb6 6. Bb3 e6 7. O-O d5 8. exd6 Bxd6
9. d4 cxd4 10. cxd4 O-O 11. Nc3 Ne7 12. Ne4 Nf5 13. Qd3 Be7 14. Bd2 e5 15. d5 Be6
16. Ba5 Bxd5 17. Bxb6 Bxe4 18. Qxe4 Qxb6 19. Qxf5  1-0

[Event "IV Festival Internacional DUCHAMP in RIO Master - 7 a 14 dezembro - 15.000 USD"]
[Site "Hotel South American, Copacabana , Rio de Janeiro, RJ"]
[Date "2022.12.10"]
[Round "4"]
[Board "32"]
[White "Meza, Anahi"]
[Black "Campagnolo, Bruna"]
[Result "1-0"]
[WhiteElo "1965"]
[BlackElo "1535"]
[PlyCount "59"]
[EventDate "2022.12.07"]
[EventRounds "9"]
[EventCountry "BRA"]

1. d4 d5 2. c4 e6 3. Nc3 Be7 4. Nf3 c6 5. Bf4 Nf6 6. e3 Nbd7 7. Bd3 Nh5 8. Be5 f6
9. Ng5 Nxe5 10. dxe5 g6 11. Nxh7 f5 12. g4 Rxh7 13. gxh5 Rxh5 14. Qd2 Qc7 15. Be2
Rh8 16. Qd4 Rh4 17. f4 a6 18. O-O-O dxc4 19. Qxc4 b5 20. Qd3 Bb7 21. Bf3 Rd8 22.
Qe2 Rxd1+ 23. Rxd1 c5 24. Nxb5 axb5 25. Qxb5+ Kf7 26. Bxb7 Rxh2 27. Rd7 Qb8 28. Qxc5
Qf8 29. a4 Kg8 30. Qxe7  1-0

[Event "IV Festival Internacional DUCHAMP in RIO Master - 7 a 14 dezembro - 15.000 USD"]
[Site "Hotel South American, Copacabana , Rio de Janeiro, RJ"]
[Date "2022.12.10"]
[Round "4"]
[Board "33"]
[White "Kim, Thiago"]
[Black "Zhong, Lanxin"]
[Result "1-0"]
[WhiteElo "1918"]
[BlackElo "1333"]
[PlyCount "77"]
[EventDate "2022.12.07"]
[EventRounds "9"]
[EventCountry "BRA"]

1. e4 c5 2. Nf3 Nc6 3. Bb5 g6 4. O-O Bg7 5. c3 Nf6 6. Re1 O-O 7. d4 d5 8. e5 Ne4
9. Bxc6 bxc6 10. Nfd2 Bf5 11. g4 Nxd2 12. Nxd2 Bd7 13. Nb3 Qc8 14. f3 cxd4 15. cxd4
Kh8 16. Nc5 Be6 17. Bf4 Rb8 18. b3 Rb6 19. h3 Bd7 20. Rc1 e6 21. Qd2 f6 22. exf6
Rxf6 23. Kg2 Rf7 24. Be5 Bxe5 25. Rxe5 Kg7 26. Rce1 Re7 27. h4 h6 28. h5 g5 29. Qd3
Qe8 30. Nxd7 Rxd7 31. Rxe6 Qf7 32. Rg6+ Kf8 33. Ree6 c5 34. Rxb6 axb6 35. Rxh6 Qg7
36. Qf5+ Ke8 37. Rxb6 Qxd4 38. Qe6+ Kd8 39. Rb8+  1-0

[Event "IV Festival Internacional DUCHAMP in RIO Master - 7 a 14 dezembro - 15.000 USD"]
[Site "Hotel South American, Copacabana , Rio de Janeiro, RJ"]
[Date "2022.12.10"]
[Round "4"]
[Board "34"]
[White "Gomes, Carlos"]
[Black "Backes, Jorge Henrique"]
[Result "0-1"]
[WhiteElo "1566"]
[BlackElo "1905"]
[PlyCount "86"]
[EventDate "2022.12.07"]
[EventRounds "9"]
[EventCountry "BRA"]

1. e4 d6 2. d4 Nf6 3. Nc3 g6 4. Nf3 Bg7 5. Bd3 Nc6 6. a3 e5 7. d5 Ne7 8. Ne2 Bg4
9. Ng3 c6 10. c4 b5 11. dxc6 bxc4 12. Bxc4 O-O 13. h3 Bxf3 14. Qxf3 Nxc6 15. O-O
Nd4 16. Qd3 Nd7 17. b4 Nb6 18. Be3 Nxc4 19. Qxc4 Rc8 20. Qd3 d5 21. Bxd4 exd4 22.
Rfc1 Qd6 23. Rxc8 Rxc8 24. exd5 Qxd5 25. Ne2 Rd8 26. Rd1 h5 27. Nf4 Qe5 28. Ne2 Bf8
29. Qf3 h4 30. Qd3 g5 31. Kf1 Bg7 32. g3 Rd6 33. Kg2 Rf6 34. Rf1 Qd5+ 35. f3 Re6
36. Rf2 Re3 37. Qa6 d3 38. Nc3 Qe5 39. Ne4 f5 40. Qc8+ Bf8 41. Qc4+ Kh8 42. Qc3 Rxe4
43. Qxe5+ Rxe5  0-1

[Event "IV Festival Internacional DUCHAMP in RIO Master - 7 a 14 dezembro - 15.000 USD"]
[Site "Hotel South American, Copacabana , Rio de Janeiro, RJ"]
[Date "2022.12.10"]
[Round "4"]
[Board "36"]
[White "Gomes, Genildo De Souza"]
[Black "Rodrigues, Julliano De Araujo"]
[Result "0-1"]
[WhiteElo "1651"]
[BlackElo "1834"]
[PlyCount "74"]
[EventDate "2022.12.07"]
[EventRounds "9"]
[EventCountry "BRA"]

1. d4 Nf6 2. Nd2 d5 3. e3 g6 4. Bd3 Bg7 5. Ne2 O-O 6. O-O e5 7. c3 Nbd7 8. b3 c5
9. Bb2 cxd4 10. cxd4 e4 11. Bc2 Ng4 12. h3 Nh6 13. Ba3 Re8 14. Bd6 Nf5 15. Bh2 Qg5
16. Bf4 Qh4 17. Ng3 Nxd4 18. Rc1 Nc6 19. Ne2 Nde5 20. Bg3 Qg5 21. Bf4 Qf6 22. Ng3
Nb4 23. Bb1 Ned3 24. Ne2 Nxc1 25. Qxc1 Nc6 26. Rd1 Be6 27. Nf1 Qb2 28. Qd2 Qxd2 29.
Rxd2 Rac8 30. a3 Ne5 31. Nd4 Rc1 32. Bc2 Rc8 33. b4 Nc4 34. Rd1 Rxd1 35. Bxd1 Nxa3
36. Ba4 Bxd4 37. exd4 Rc4  0-1

[Event "IV Festival Internacional DUCHAMP in RIO Master - 7 a 14 dezembro - 15.000 USD"]
[Site "Hotel South American, Copacabana , Rio de Janeiro, RJ"]
[Date "2022.12.10"]
[Round "4"]
[Board "37"]
[White "Gomes, Marco Tulio Caldeira"]
[Black "Manzi, Luiz Antonio Bardaro"]
[Result "0-1"]
[WhiteElo "1646"]
[BlackElo "1984"]
[PlyCount "114"]
[EventDate "2022.12.07"]
[EventRounds "9"]
[EventCountry "BRA"]

1. c4 Nf6 2. Nc3 d6 3. g3 g6 4. Bg2 Bg7 5. e4 c5 6. Nge2 e5 7. d3 Nc6 8. O-O O-O
9. h3 Nd4 10. f4 Ne8 11. Nxd4 exd4 12. Nd5 Nc7 13. f5 Nxd5 14. cxd5 g5 15. Qh5 f6
16. h4 h6 17. hxg5 fxg5 18. Bd2 Qf6 19. Rf3 Bd7 20. Kf2 Be8 21. Qg4 b5 22. Rc1 a5
23. Bf1 Qe5 24. Be2 Bf6 25. Qh3 h5 26. g4 h4 27. Qg2 Kf7 28. Rh3 Rg8 29. Rc2 Bd7
30. Qf1 a4 31. Qc1 b4 32. b3 axb3 33. axb3 Qe7 34. Qb1 Ra5 35. Ra2 Rga8 36. Rxa5
Rxa5 37. Qc1 Ra3 38. Bd1 Bb5 39. Bc2 Ra8 40. Bb1 Rg8 41. Qb2 Qa7 42. Bc1 Ra8 43.
Kf3 Qa1 44. Ke2 Ra3 45. Qc2 Ra8 46. Bb2 Qa7 47. Bc1 Qe7 48. Kf3 Be5 49. Qb2 Kf6 50.
Bd2 Rg8 51. Qa2 Qb7 52. Qb2 Qa6 53. Ke2 Bg3 54. Bc1 Qb7 55. Qc2 Qe7 56. Bd2 Qxe4+
57. Kd1 Qxg4+  0-1

[Event "IV Festival Internacional DUCHAMP in RIO Master - 7 a 14 dezembro - 15.000 USD"]
[Site "Hotel South American, Copacabana , Rio de Janeiro, RJ"]
[Date "2022.12.10"]
[Round "4"]
[Board "38"]
[White "Reichert, Thiago Da Cruz"]
[Black "Da Silva, Joao Carlos Orguim"]
[Result "0-1"]
[WhiteElo "1968"]
[BlackElo "1693"]
[PlyCount "76"]
[EventDate "2022.12.07"]
[EventRounds "9"]
[EventCountry "BRA"]

1. d4 d5 2. c4 c6 3. e3 Nf6 4. Nc3 a6 5. Nf3 Nbd7 6. a4 e6 7. Bd3 b6 8. O-O Bb7 9.
cxd5 cxd5 10. Qe2 Ne4 11. Nd2 Nxc3 12. bxc3 Qc7 13. Bb2 Bd6 14. f4 f5 15. Rfc1 Qd8
16. c4 O-O 17. cxd5 exd5 18. Nf3 g6 19. Ba3 Qe7 20. Bxd6 Qxd6 21. Ra2 a5 22. Re1
Rfc8 23. Ne5 Nb8 24. Rb2 Qa3 25. Rxb6 Rc1 26. Rxc1 Qxc1+ 27. Kf2 Bc6 28. Qa2 Kg7
29. Nxc6 Nxc6 30. Qxd5 Re8 31. g3 Qd2+ 32. Kg1 Qxe3+ 33. Kg2 Nxd4 34. Rb7+ Kh8 35.
Qf7 Qf3+ 36. Kh3 Qg4+ 37. Kg2 Re2+ 38. Kg1 Nf3+  0-1

[Event "IV Festival Internacional DUCHAMP in RIO Master - 7 a 14 dezembro - 15.000 USD"]
[Site "Hotel South American, Copacabana , Rio de Janeiro, RJ"]
[Date "2022.12.10"]
[Round "4"]
[Board "39"]
[White "Feller, Gabriela Luisa Vicente"]
[Black "Arruda Filho, Ivo Pereira De"]
[Result "1-0"]
[WhiteElo "1907"]
[BlackElo "1679"]
[PlyCount "57"]
[EventDate "2022.12.07"]
[EventRounds "9"]
[EventCountry "BRA"]

1. d4 Nf6 2. c4 e6 3. Nf3 c6 4. Nc3 d5 5. cxd5 exd5 6. Bg5 Be7 7. Bxf6 Bxf6 8. e3
O-O 9. Bd3 Nd7 10. Qc2 g6 11. b4 Re8 12. O-O Bg7 13. b5 Nf8 14. bxc6 bxc6 15. Na4
Qd6 16. Rfc1 Bd7 17. Nc5 Rec8 18. Rab1 Ne6 19. Rb7 Nxc5 20. Qxc5 Qxc5 21. Rxc5 Rd8
22. Ra5 a6 23. Rxa6 Rxa6 24. Bxa6 Ra8 25. Rxd7 Rxa6 26. Rd8+ Bf8 27. Ne5 Rxa2 28.
g3 Ra7 29. Nd7  1-0

[Event "IV Festival Internacional DUCHAMP in RIO Master - 7 a 14 dezembro - 15.000 USD"]
[Site "Hotel South American, Copacabana , Rio de Janeiro, RJ"]
[Date "2022.12.10"]
[Round "4"]
[Board "40"]
[White "De Souza Monteiro, Marcos Paulo"]
[Black "Machado, Wallace Fernandes"]
[Result "1-0"]
[WhiteElo "1885"]
[BlackElo "1669"]
[PlyCount "55"]
[EventDate "2022.12.07"]
[EventRounds "9"]
[EventCountry "BRA"]

1. d4 d5 2. c4 c6 3. Nf3 Nf6 4. Nc3 dxc4 5. a4 Bf5 6. Ne5 h6 7. e4 Bh7 8. Bxc4 e6
9. Qb3 Qc8 10. O-O Be7 11. d5 Nbd7 12. Nxd7 Nxd7 13. dxe6 Ne5 14. exf7+ Kf8 15. Be6
Qd8 16. Be3 b6 17. Rad1 Qc7 18. f4 Ng6 19. Rd7 Qb8 20. Qc4 c5 21. Qd5 a6 22. Rd1
Ra7 23. Rxa7 Qxa7 24. Qc6 Qb8 25. Nd5 Qd8 26. Qxb6 Qxb6 27. Nxb6 Bh4 28. Bxc5+  1-0

[Event "IV Festival Internacional DUCHAMP in RIO Master - 7 a 14 dezembro - 15.000 USD"]
[Site "Hotel South American, Copacabana , Rio de Janeiro, RJ"]
[Date "2022.12.10"]
[Round "4"]
[Board "41"]
[White "Cincinato, Thalita Ariane C."]
[Black "De Oliveira, Joao Eudes"]
[Result "1-0"]
[WhiteElo "1845"]
[BlackElo "1613"]
[PlyCount "59"]
[EventDate "2022.12.07"]
[EventRounds "9"]
[EventCountry "BRA"]

1. d4 Nf6 2. Nc3 e6 3. e4 d6 4. Bd3 Be7 5. f4 c5 6. e5 Nd5 7. Nxd5 exd5 8. c3 b6
9. Nf3 Bb7 10. O-O Nd7 11. f5 dxe5 12. dxe5 Qc7 13. Bf4 Qc6 14. Qe2 O-O 15. Bb5 Qc8
16. Ng5 Bxg5 17. Bxg5 Bc6 18. Bxc6 Qxc6 19. e6 f6 20. Bf4 Rfe8 21. Qh5 Ne5 22. Bxe5
fxe5 23. Qf7+ Kh8 24. f6 Rg8 25. Rf3 Qe8 26. Qxe8 Rgxe8 27. f7 Rf8 28. e7 Rxf7 29.
Rxf7 Kg8 30. Raf1  1-0

[Event "IV Festival Internacional DUCHAMP in RIO Master - 7 a 14 dezembro - 15.000 USD"]
[Site "Hotel South American, Copacabana , Rio de Janeiro, RJ"]
[Date "2022.12.10"]
[Round "4"]
[Board "42"]
[White "Araujo, Barbara Ribeiro"]
[Black "Moyses Sobrinho, Elias"]
[Result "0-1"]
[WhiteElo "1533"]
[BlackElo "1839"]
[PlyCount "90"]
[EventDate "2022.12.07"]
[EventRounds "9"]
[EventCountry "BRA"]

1. c4 Nf6 2. g3 d5 3. d4 dxc4 4. Bg2 e5 5. Nf3 exd4 6. Nxd4 Bb4+ 7. Nc3 O-O 8. O-O
c6 9. Nc2 Qxd1 10. Nxd1 Bc5 11. Nce3 Be6 12. Nc3 Nbd7 13. Rd1 Ne5 14. Bd2 Neg4 15.
Nxg4 Bxg4 16. h3 Be6 17. Rac1 Rfd8 18. e4 Rd3 19. Be1 Rad8 20. Kh2 Rxd1 21. Nxd1
b5 22. e5 Nd5 23. a3 Bd4 24. f4 Ne3 25. Bxc6 Nxd1 26. Bxb5 Bxb2 27. Rb1 c3 28. Ba4
Ne3 29. Bf2 Rd2 30. Kg1 Nc4 31. Bxa7 Nxa3 32. Re1 Bxh3 33. Be3 Rg2+ 34. Kh1 h5 35.
Bc6 Rxg3 36. e6 Bxe6 37. Be4 c2 38. Bd2 Nc4 39. Bc1 Bxc1 40. Rxc1 Na3 41. Kh2 Rc3
42. Kg2 Rb3 43. Ra1 f5 44. Bf3 Rb1 45. Rxa3 c1=Q  0-1